000 01149naa a22002897a 4500
001 BR7806573
003 BR-BrBNA
005 20240918174234.0
007 ta
008 230509b bl.||||| |||| 00| 0 por d
040 _aBR-BrBNA
_bpor
_cBiblioteca Nacional de Agricultura
041 _a(Pt)
072 _aF30; F10
_b2120
090 _aF30 BR7806573
100 1 _aAraujo Netto, K. de
111 1 _a6. Congresso Brasileiro de Pesquisas Cafeeiras
_cRibeirao Preto, SP (Brazil)
_d24 Oct 1978
245 1 _aCompeticao de oito progenies de Coffea canephora e outras afins em comparacao com o cultivar Mundo Novo de Coffea arabica [cafe]
260 3 _aRio de Janeiro, RJ (Brasil):
_c1978.
500 _aResumos do 6. Congresso Brasileiro de Pesquisas Cafeeiras Rio de Janeiro, RJ (Brasil): 1978. p. 148-150 (BR7806573-AM)F30
650 _aCLIMATOLOGIA
650 _aPROGENIE
650 _aACLIMATACAO
650 _aCOMPETICAO DE VARIEDADE
773 0 _tResumos do 6. Congresso Brasileiro de Pesquisas Cafeeiras
_wF30 BR7806573
_gRio de Janeiro, RJ (Brasil), 1978. p. 148-150
909 _a202404
_bLucia
_c55
_dLucia Elande
942 _cAM
_2AGRIS
999 _c309805
_d309805